000 00336nam a2200145Ia 4500
100 _aJoshi/ D./ Sharma/ R.
942 _cBK
654 _aVijay mukhis clipper 5.01/87 test
245 _aVijay Mukhis Clipper 5.01/87 test
260 _bBPB Pub
_aNew Delhi
_c1993
082 _a5.1
300 _a925
546 _aENGLISH
999 _c31175
_d31175